Zaostrené na krmoviny Celoslovenská porada poľnohospodárov v Krajnom

Bibliographic Details
Main Author: (r) (Author)
Format: Article
Language:Slovak
Subjects:

MARC

LEADER 00000nab a2200000 a 4500
001 vtls000123285
003 SK-MaSNL
005 20260305035615.0
008 111104c1982 xo 0 slo
015 |a SNBRB19rr/mm-uuuuu 
035 |a CL0133390 
040 |a SNKBUCL  |b slo  |c SNKBUCL  |e AACR2 
041 0 |a slo 
044 |a xo  |c SK 
080 |a 633.2/.3  |2 1981 
100 1 |a (r)  |4 aut  |9 636179 
245 1 0 |a Zaostrené na krmoviny  |b Celoslovenská porada poľnohospodárov v Krajnom  |c (r) 
650 0 7 |a objemové krmoviny  |2 snkbucl  |9 132013 
651 7 |a 5210  |2 snkbucl  |9 276500 
655 7 |a články z novín a časopisov  |2 snkbucl  |9 267496 
773 0 |t Spravodaj PZN  |g Roč. 13, č. 12 (1982), s. 1 
850 |a Slovenská národná knižnica v Martine  |a MTA001 
852 |a SNK  |b KIS3GCP 
958 |a RK 
992 |a RBX 
999 |c 3334839  |d 3336769